000 01346naa a22003617a 4500
001 BR7000252
003 BR-BrBNA
005 20240918173357.0
007 ta
008 230509b bl.||||| |||| 00| 0 por d
040 _aBR-BrBNA
_bpor
_cBiblioteca Nacional de Agricultura
041 _a(Pt)
072 _aL10; L70; L00
_b5300
_bG514
090 _aL10 BR7000252
100 1 _aSpers, A.
100 1 _aRodrigues, A.J.
100 1 _aPaulin Neto, L.
111 1 _a4. Seminario Nacional do Porco Carne
_cFlorianopolis, SC (Brazil)
_d9 Sep 1970
245 1 _aEfeito da castracao parcial e total no desempenho, qualidade da carcaca e comportamento sexual dos suinos [Melhoramento genetico animal; Veterinaria; Producao animal; Sao Paulo; Brasil]
260 3 _aFlorianopolis, SC (Brasil):
_c1970.
500 _aAnais. 4. Seminario Nacional do Porco Carne Florianopolis, SC (Brasil): 1970. p. 104-127 (BR7000252-AM)L10
650 _aMelhoramento genetico animal
650 _aVeterinaria
650 _aProducao animal
650 _aSuino
650 _aComportamento sexual
650 _aCastracao
650 _aCarcaca
650 _aSao Paulo
773 0 _tAnais. 4. Seminario Nacional do Porco Carne
_wL10 BR7000252
_gFlorianopolis, SC (Brasil), 1970. p. 104-127
909 _a202404
_bLucia
_c55
_dLucia Elande
942 _cAM
_2AGRIS
999 _c304274
_d304274